Inside knowledge (Record no. 83700)

MARC details
000 -LEADER
fixed length control field 00734cab a22001935a 4500
001 - CONTROL NUMBER
control field L154654
008 - FIXED-LENGTH DATA ELEMENTS--GENERAL INFORMATION
fixed length control field 120110e20120105xxk 000 0 eng d
035 ## - SYSTEM CONTROL NUMBER
System control number (Sirsi) u154654
041 0# - LANGUAGE CODE
Language code of text/sound track or separate title eng
100 1# - MAIN ENTRY--PERSONAL NAME
Personal name Cross, Luke
245 00 - TITLE STATEMENT
Title Inside knowledge
Remainder of title league tables
260 ## - PUBLICATION, DISTRIBUTION, ETC.
Date of publication, distribution, etc. 2012
490 ## - SERIES STATEMENT
Series statement Construction News
Volume/sequential designation (7247) 5 January 2012, 26-27(2)
520 ## - SUMMARY, ETC.
Summary, etc. Observes that contract activity rebounded after a gloomy October; tables for the top 50 contractors November 2011, the top 10 clients November 2011, the top 50 contractors December 2010-November 2011, and the top clients December 2010-November 2011.
590 ## - LOCAL NOTE (RLIN)
Local note KA
651 #4 - SUBJECT ADDED ENTRY--GEOGRAPHIC NAME
Geographic name United Kingdom
Chronological subdivision
690 ## - LOCAL SUBJECT ADDED ENTRY--TOPICAL TERM (OCLC, RLIN)
Topical term or geographic name as entry element BUILT ENVIRONMENT-CONSTRUCTION MARKET
942 ## - ADDED ENTRY ELEMENTS (KOHA)
Suppress in OPAC 0
Holdings
Withdrawn status Lost status Source of classification or shelving scheme Damaged status Not for loan Home library Current library Shelving location Date acquired Total Checkouts Full call number Barcode Date last seen Copy number Price effective from Koha item type
    Dewey Decimal Classification     London London Journal article 10/01/2012   L154654 154654-1001 06/08/2019 1 06/08/2019 Journal article